1979 1596 1396 1648 1186 1273 1998 1842 1762 1911 1487 1445 1329 1599 1482 1355 1853 1687 1942 1208 1398 1031 1380 1124 1962 1421 1455 1423 1448 1495 1239 1391 1801 1342 1413 1870 1031 1208 1776 1554 1366 1185 1843 1606 1631 1221 1951 1964 1691 1494 1855 1916 1266 1298 1455 1778 1829 1643 1572 1963 1349 1073 1797 1051 1342 1591 1910 1084 1630 1217 1236 1907 1959 1736 1798 1733 1884 1447 1843 1167 1044 1383 1265 1130 1850 1980 1343 1150 1435 1831 1585 1380 1369 1148 1327 1398 1075 1327 1247 BCNSPRNW ULIB Ver.6.0+V

เปลี่ยนเป็นภาษาไทย

Change to English
 แสดงรายละเอียดบรรณานุกรม
  กลับหน้าหลัก

Brief Record : Get Marc (ISO 2709) : E-mail record : QR code < ปิดหน้าต่าง
LEADER : 00000nam 2200000uu 4500
001    13399121669
003     ULIB
008    121129s2551||||th 000 0 tha d
020    ^a9789741619092
060 04 ^aWS103^bณ120ล
100 0  ^aณชลกร แสงแก้ว
245 10 ^aลูกดี ลูกเก่ง ลูกน่ารัก สร้างได้ /^cณชลกร แสงแก้ว
260    ^aกรุงเทพฯ :^bDดี,^c2551
300    ^a136 หน้า :^bภาพประกอบ ;^c21 ซม
945    ^p115^l0^i16265
995    ^aวิภา
999 ^a ใช้งานได้ทุกระบบ
รายการนี้ยังไม่มีแท็ก
คุณยังไม่ได้ล็อกอิน คุณสามารถมีกิจกรรมร่วมกับเว็บไซต์ได้ แต่ต้องล็อกอินก่อน ::
  ล็อกอิน

รายการสื่อสารสนเทศ

ลำดับที่ ประเภท เลขเรียก/บาร์โค้ด สถานที่ สถานะ
1. วิทยาศาสตร์การแพทย์ และสุขภาพ
วิทยาศาสตร์การแพทย์ และสุขภาพ
WS103 ณ120ล  
  Barcode: 16265
ห้องสมุดวิทยาเขตสวรรค์ประชารักษ์
►ส่วนจัดเก็บหนังสือเก่า สปร
บนชั้น
  ขอยืม

รายการใกล้เคียง
    ผู้แต่ง [ณชลกร แสงแก้ว]

BibComment


ยังไม่เคยถูกคอมเมนท์

คอมเมนท์ทรัพยากรรายการนี้
  คอมเมนท์: ลูกดี ลูกเก่ง ลู..


 Copyright 2026. Bcnsprnw @Library